000 01248cam a22003617a 4500
003 CHAP
005 20220329142556.0
008 010920d2001 mx r 00110 spa d
010 _a85162
011 _a86134
035 _a96672
040 _cCHAP
090 _aTesis
100 0 0 _aCaballero Morales, Elizabeth
_916567
245 1 0 _aModelos de redes de valor
_c/por Elizabeth Caballero Morales
260 _aChapingo, Méx. :
_bEl autor,
_c2001.
300 _a93 h.
502 _aTesis (M.C. en Economía del Desarrollo Rural) -- UACH. División de Ciencias Económico Administrativas
590 _aALEPH
_b10
_c20130110
_lUCH01
_h1445
590 _aBATCH-UPD
_b10
_c20130110
_lUCH01
_h0334
590 _aBATCH-UPD
_b10
_c20130110
_lUCH01
_h1833
590 _aBATCH-UPD
_b10
_c20130410
_lUCH01
_h0007
590 _aBATCH-UPD
_b10
_c20130914
_lUCH01
_h0800
590 _aCONVERSION
_b10
_c20130109
_lUCH01
_h1347
650 1 4 _aProductos agrícolas
_xMercadeo.
_991951
650 1 4 _aRedes de valor.
_995384
650 1 4 _aValor agregado.
_9117668
901 _aBK
905 _aAlejandra Carrasco M.
942 _cFOLL
949 _aTesis
_bBC
_cTES
_d33724000860185
_eTS2
_fc.2
_h38911
_i96672
_si
949 _aTesis
_bBC
_cTES
_d966721
_eTS1
_h38910
_i96672
_sb
999 _c85162
_d85162